[Event "Deutsche Ländermeisterschaft 2015"]
[Site "Hannover GER"]
[Date "2015.10.03"]
[Round "1"]
[White "Degenhard, Simon"]
[Black "Weber, Samuel"]
[Result "1-0"]
[Termination "normal"]
[Board "6.4"]
[WhiteElo "1838"]
[BlackElo "1936"]
[WhiteTeam "Württemberg"]
[BlackTeam "Hessen"]
[PlyCount "35"]
[WhiteFideId "12944017"]
[BlackFideId "12924008"]
[EventCountry "GER"]
[EventRounds "7"]
[EventType "team-swiss"]
[EventDate "2015.10.02"]

1. e4 d5 2. exd5 Nf6 3. c4 Bg4 4. Be2 Bf5 5. Nc3 e6 6. Nf3 exd5 7. d4 Nc6 8.
O-O Be7 9. Bg5 dxc4 10. Bxc4 O-O 11. Re1 Bg4 12. d5 Na5 13. Be2 Re8 14. Qa4
Bxf3 15. Bxf3 c6 16. d6 Qxd6 17. Qxa5 b6 18. Qf5 1-0

[Event "Deutsche Ländermeisterschaft 2015"]
[Site "Hannover GER"]
[Date "2015.10.03"]
[Round "1"]
[White "Stork, Oliver"]
[Black "Stoll, Katja"]
[Result "0-1"]
[Termination "normal"]
[Board "6.5"]
[WhiteElo "1977"]
[BlackElo "1840"]
[WhiteTeam "Hessen"]
[BlackTeam "Württemberg"]
[PlyCount "60"]
[WhiteFideId "12955728"]
[BlackFideId "1271730"]
[EventCountry "GER"]
[EventRounds "7"]
[EventType "team-swiss"]
[EventDate "2015.10.02"]

1. c4 c5 2. g3 Nf6 3. Bg2 d5 4. cxd5 Nxd5 5. Nc3 Nxc3 6. bxc3 e5 7. Nf3 Nc6 8.
d3 Be7 9. O-O Be6 10. Nd2 Qc7 11. Ne4 O-O 12. c4 Rad8 13. Qe1 Nd4 14. Rb1 f5
15. Rxb7 Qc8 16. Nc3 Bf6 17. Nb5 e4 18. Nxd4 Rxd4 19. Rxa7 exd3 20. exd3 Rxd3
21. Ra8 Qd7 22. Rxf8+ Kxf8 23. Be3 Bd4 24. Qa5 Bxc4 25. Qa8+ Kf7 26. Rb1 Bxe3
27. Bf1 Bxf2+ 28. Kxf2 Qd4+ 29. Ke1 Re3+ 30. Kf2 Re8+ 0-1

[Event "Deutsche Ländermeisterschaft 2015"]
[Site "Hannover GER"]
[Date "2015.10.03"]
[Round "1"]
[White "Yi, Danny"]
[Black "Poetsch, Leonore"]
[Result "1-0"]
[Termination "normal"]
[Board "6.6"]
[WhiteElo "1745"]
[BlackElo "1860"]
[WhiteTeam "Württemberg"]
[BlackTeam "Hessen"]
[PlyCount "109"]
[WhiteFideId "12988588"]
[BlackFideId "12940372"]
[EventCountry "GER"]
[EventRounds "7"]
[EventType "team-swiss"]
[EventDate "2015.10.02"]

1. e4 e6 2. d4 d5 3. Nd2 Nf6 4. e5 Nfd7 5. Bd3 c5 6. c3 Nc6 7. Ne2 Qb6 8. Nf3
cxd4 9. cxd4 Be7 10. O-O O-O 11. a3 f6 12. exf6 Nxf6 13. Qc2 Bd6 14. Bg5 h6 15.
Be3 Bd7 16. Qd2 Na5 17. Bxh6 gxh6 18. Qxh6 Kf7 19. Ng5+ Ke7 20. Qg7+ Kd8 21.
Nf7+ Kc7 22. Rac1+ Nc6 23. Qxf6 Qxb2 24. Nf4 Rae8 25. Rb1 Qxd4 26. Qxd4 Nxd4
27. Rxb7+ Kc6 28. Nxd6 Rxf4 29. Nxe8 Kxb7 30. Rb1+ Kc6 31. Rc1+ Kb6 32. Nd6 e5
33. Nc8+ Bxc8 34. Rxc8 e4 35. Bf1 Nc6 36. Be2 d4 37. Re8 d3 38. Bd1 Nd4 39. g3
Ne2+ 40. Kg2 Rf5 41. Bxe2 dxe2 42. Re6+ Kc7 43. Rxe4 Ra5 44. Rxe2 Rxa3 45. h4
Kd7 46. h5 Ra5 47. g4 Rg5 48. Kg3 a5 49. f4 Rg8 50. h6 a4 51. Ra2 Ra8 52. h7 a3
53. g5 Ke6 54. Kg4 Kf7 55. Rxa3 1-0

[Event "Deutsche Ländermeisterschaft 2015"]
[Site "Hannover GER"]
[Date "2015.10.03"]
[Round "1"]
[White "Reinecke, Katharina"]
[Black "Lederer, Leia"]
[Result "1-0"]
[Termination "normal"]
[Board "6.7"]
[WhiteElo "1765"]
[BlackElo "1617"]
[WhiteTeam "Hessen"]
[BlackTeam "Württemberg"]
[PlyCount "111"]
[WhiteFideId "12929727"]
[BlackFideId "12926353"]
[EventCountry "GER"]
[EventRounds "7"]
[EventType "team-swiss"]
[EventDate "2015.10.02"]

1. d4 Nf6 2. c4 c5 3. d5 b5 4. cxb5 a6 5. bxa6 g6 6. Nc3 Bxa6 7. e4 Bxf1 8.
Kxf1 d6 9. Nf3 Bg7 10. g3 Nbd7 11. Kg2 O-O 12. a4 Ne8 13. Qc2 Nc7 14. Bd2 Qb8
15. Rhb1 Qa7 16. Ne2 Rfb8 17. Bc3 Bxc3 18. Nxc3 Qa5 19. Nd2 Rb4 20. b3 Ne5 21.
h3 c4 22. f4 cxb3 23. Nxb3 Nc4 24. Qd3 Qb6 25. Kf3 Rxb3 26. Qxc4 Rxb1 27. Rxb1
Qa7 28. Qc6 Rb8 29. Rxb8+ Qxb8 30. Nb5 Na8 31. a5 f5 32. a6 fxe4+ 33. Kxe4 Qf8
34. a7 Qf5+ 35. Ke3 Qxh3 36. Qxa8+ Kg7 37. Qc6 Qxg3+ 38. Ke2 Qxf4 39. Qc3+ e5
40. a8=Q Qh2+ 41. Kd1 Qh1+ 42. Kc2 Qe4+ 43. Qd3 Qg2+ 44. Kc3 h5 45. Qa7+ Kh6
46. Qd2+ Qxd2+ 47. Kxd2 h4 48. Nxd6 h3 49. Qe3+ Kh7 50. Qxh3+ Kg7 51. Qe6 e4
52. Nxe4 Kh6 53. Qf6 Kh7 54. Ng5+ Kh6 55. Nf7+ Kh5 56. Qg5# 1-0

[Event "Deutsche Ländermeisterschaft 2015"]
[Site "Hannover GER"]
[Date "2015.10.03"]
[Round "1"]
[White "Zell, Hannah"]
[Black "Ruppert, Paula"]
[Result "1/2-1/2"]
[Termination "normal"]
[Board "6.8"]
[WhiteElo "1212"]
[BlackElo "1427"]
[WhiteTeam "Württemberg"]
[BlackTeam "Hessen"]
[PlyCount "62"]
[WhiteFideId "16208900"]
[BlackFideId "12979996"]
[EventCountry "GER"]
[EventRounds "7"]
[EventType "team-swiss"]
[EventDate "2015.10.02"]

1. e4 e6 2. d4 d5 3. Nc3 Bb4 4. Bd2 dxe4 5. Nxe4 Qxd4 6. Nc3 Bxc3 7. Bxc3 Qxd1+
8. Rxd1 Nf6 9. Nf3 Nbd7 10. Be2 O-O 11. O-O b6 12. Bb5 Nd5 13. Bc6 Rb8 14. Bxd5
exd5 15. Rxd5 Nc5 16. b3 Bb7 17. Re5 Rfe8 18. Rfe1 Rxe5 19. Rxe5 Rd8 20. Kf1 f6
21. Re7 Rd7 22. Rxd7 Nxd7 23. Ke2 Kf7 24. g3 Be4 25. Ne1 Ke6 26. f3 Bd5 27. Nd3
c5 28. Nf4+ Kd6 29. Nxd5 Kxd5 30. Kd3 b5 31. a4 a6 1/2-1/2

[Event "Deutsche Ländermeisterschaft 2015"]
[Site "Hannover GER"]
[Date "2015.10.03"]
[Round "1"]
[White "Schmidek, Emil"]
[Black "Heinemann, Josefine"]
[Result "1/2-1/2"]
[Termination "normal"]
[Board "7.1"]
[WhiteElo "2171"]
[BlackElo "2244"]
[WhiteTeam "Berlin"]
[BlackTeam "Sachsen-Anhalt"]
[PlyCount "166"]
[WhiteFideId "12908150"]
[BlackFideId "12900460"]
[EventCountry "GER"]
[EventRounds "7"]
[EventType "team-swiss"]
[EventDate "2015.10.02"]

1. e4 c5 2. Nf3 d6 3. d4 cxd4 4. Nxd4 Nf6 5. Nc3 a6 6. Bg5 e6 7. f4 Be7 8. Qf3
Qc7 9. O-O-O h6 10. Bh4 Nbd7 11. Bd3 g5 12. fxg5 Ne5 13. Qe2 Nfg4 14. Nf3 hxg5
15. Bg3 Bd7 16. h3 Nf6 17. Nxe5 dxe5 18. Bf2 Nh5 19. Qf3 Nf4 20. g3 Nxd3+ 21.
Rxd3 Rh7 22. h4 gxh4 23. gxh4 O-O-O 24. h5 Rdh8 25. Be3 Bc6 26. Nd5 exd5 27.
exd5 Kb8 28. dxc6 Qxc6 29. Qxc6 bxc6 30. Rf1 Rxh5 31. Rxf7 R8h7 32. Rxh7 Rxh7
33. Rd7 Rh1+ 34. Kd2 Bb4+ 35. c3 Kc8 36. Ra7 Rh2+ 37. Kd3 Bd6 38. Rxa6 Rxb2 39.
Rxc6+ Bc7 40. Ra6 Kb7 41. Ra7+ Kc6 42. Ra6+ Kb7 43. Ra4 Rg2 44. Rb4+ Kc6 45. a4
Ra2 46. Rc4+ Kb7 47. Bc5 Rg2 48. Bb4 Ra2 49. Be7 Rg2 50. Ke4 Rg7 51. Bb4 Rd7
52. Rc5 Rd1 53. a5 Rd7 54. Kf5 Rh7 55. Rc4 e4 56. Rxe4 Rh5+ 57. Ke6 Bxa5 58.
Bxa5 Rxa5 59. Kd6 Rh5 60. Re6 Rh4 61. Re5 Rh6+ 62. Kd5 Rh7 63. c4 Kc7 64. Kc5
Rg7 65. Kb5 Rh7 66. Rg5 Rf7 67. Rg6 Rh7 68. c5 Rf7 69. Ra6 Rf1 70. Ra7+ Kb8 71.
Rd7 Rf6 72. Rd6 Rf7 73. Kc6 Rc7+ 74. Kd5 Rh7 75. Rf6 Kc7 76. Rc6+ Kb7 77. Rg6
Kc7 78. Rg5 Rh6 79. Rg7+ Kc8 80. Kc4 Rf6 81. Kb5 Rh6 82. c6 Rh1 83. Kb6 Rb1+
1/2-1/2

[Event "Deutsche Ländermeisterschaft 2015"]
[Site "Hannover GER"]
[Date "2015.10.03"]
[Round "1"]
[White "Sieber, Fiona"]
[Black "Schnabel, Bennett"]
[Result "1-0"]
[Termination "normal"]
[Board "7.2"]
[WhiteTitle "WFM"]
[WhiteElo "2167"]
[BlackElo "2063"]
[WhiteTeam "Sachsen-Anhalt"]
[BlackTeam "Berlin"]
[PlyCount "71"]
[WhiteFideId "12902373"]
[BlackFideId "12943290"]
[EventCountry "GER"]
[EventRounds "7"]
[EventType "team-swiss"]
[EventDate "2015.10.02"]

1. e4 c5 2. Nf3 Nc6 3. d4 cxd4 4. Nxd4 g6 5. c4 Bg7 6. Be3 Nf6 7. Nc3 O-O 8.
Be2 d6 9. O-O Bd7 10. Nb3 Ne5 11. f3 Bc6 12. Rc1 a5 13. Nd4 Ned7 14. b3 h5 15.
Kh1 Kh7 16. Qd2 Ng8 17. f4 Nc5 18. Bf3 Ne6 19. Nde2 Bh6 20. Nd5 Nc5 21. Rce1
Bxd5 22. exd5 Nf6 23. Nd4 Qd7 24. f5 Bg7 25. Bg5 Rae8 26. fxg6+ fxg6 27. a3 Ng4
28. b4 axb4 29. axb4 Bxd4 30. Qxd4 Na6 31. Bxg4 Qxg4 32. Rxf8 Qxd4 33. Rxe8 e5
34. Rf1 Kg7 35. Re7+ Kg8 36. Bh6 1-0

[Event "Deutsche Ländermeisterschaft 2015"]
[Site "Hannover GER"]
[Date "2015.10.03"]
[Round "1"]
[White "Acikel, Mert"]
[Black "Kitze, Alexander"]
[Result "0-1"]
[Termination "normal"]
[Board "7.3"]
[WhiteElo "1889"]
[BlackElo "2172"]
[WhiteTeam "Berlin"]
[BlackTeam "Sachsen-Anhalt"]
[PlyCount "104"]
[WhiteFideId "12956465"]
[BlackFideId "12914827"]
[EventCountry "GER"]
[EventRounds "7"]
[EventType "team-swiss"]
[EventDate "2015.10.02"]

1. e4 c5 2. Nf3 d6 3. d4 cxd4 4. Nxd4 Nf6 5. Nc3 a6 6. Be3 e6 7. Be2 Nbd7 8. f4
Qc7 9. Bf3 Be7 10. O-O O-O 11. Qe1 Rb8 12. Qg3 b5 13. a3 Bb7 14. Rad1 Rfc8 15.
e5 dxe5 16. fxe5 Nxe5 17. Bf4 Bd6 18. Bxb7 Rxb7 19. Ndxb5 axb5 20. Rxd6 Qxd6
21. Bxe5 Qc5+ 22. Kh1 Ne8 23. Ne4 Qc4 24. Re1 f6 25. Bc3 e5 26. b3 Qe6 27. Qf3
Rbc7 28. Qg3 Kh8 29. Qd3 h6 30. Qxb5 Rxc3 31. Nxc3 Rxc3 32. a4 Rxc2 33. a5 Nc7
34. Qd3 Qc6 35. Qd8+ Kh7 36. Qd3+ e4 37. Qf1 Qb5 38. Qf4 f5 39. g4 Qxa5 40.
Qxf5+ Qxf5 41. gxf5 Rc5 42. f6 gxf6 43. Rxe4 Nd5 44. Kg2 Rb5 45. Rd4 Ne3+ 46.
Kf3 Rxb3 47. Kf4 Kg6 48. Rd8 Ng2+ 49. Ke4 f5+ 50. Kd4 Rb7 51. Rg8+ Rg7 52. Rf8
Kg5 0-1

[Event "Deutsche Ländermeisterschaft 2015"]
[Site "Hannover GER"]
[Date "2015.10.03"]
[Round "1"]
[White "Roseneck, Jonas"]
[Black "Hesse, Henrik"]
[Result "0-1"]
[Termination "normal"]
[Board "7.4"]
[WhiteElo "2074"]
[BlackElo "1896"]
[WhiteTeam "Sachsen-Anhalt"]
[BlackTeam "Berlin"]
[PlyCount "54"]
[WhiteFideId "12939870"]
[BlackFideId "12952060"]
[EventCountry "GER"]
[EventRounds "7"]
[EventType "team-swiss"]
[EventDate "2015.10.02"]

1. e4 e5 2. Nf3 Nf6 3. Nxe5 d6 4. Nf3 Nxe4 5. d4 d5 6. Bd3 Nc6 7. O-O Be7 8. c4
Nb4 9. Be2 Bf5 10. Nc3 O-O 11. a3 Nxc3 12. bxc3 Nc6 13. Re1 Re8 14. cxd5 Qxd5
15. Bf4 Rac8 16. h3 Bd6 17. Be3 Na5 18. Nd2 b6 19. c4 Qe6 20. Qc1 Qg6 21. Kh1
Rxe3 22. fxe3 Nb3 23. Nxb3 Qg3 24. Kg1 Qh2+ 25. Kf2 Bg3+ 26. Kf3 Bh4 27. Bd3
Bxd3 0-1

[Event "Deutsche Ländermeisterschaft 2015"]
[Site "Hannover GER"]
[Date "2015.10.03"]
[Round "1"]
[White "Rosenhain, Rachela"]
[Black "Stein, Robert"]
[Result "0-1"]
[Termination "normal"]
[Board "7.5"]
[WhiteElo "1792"]
[BlackElo "2050"]
[WhiteTeam "Berlin"]
[BlackTeam "Sachsen-Anhalt"]
[PlyCount "68"]
[WhiteFideId "12957615"]
[BlackFideId "12921084"]
[EventCountry "GER"]
[EventRounds "7"]
[EventType "team-swiss"]
[EventDate "2015.10.02"]

1. e4 e5 2. Nf3 Nc6 3. Bb5 a6 4. Ba4 Nf6 5. O-O Be7 6. d3 b5 7. Bb3 d6 8. c3
O-O 9. Re1 Na5 10. Bc2 c5 11. Nbd2 Qc7 12. Nf1 Be6 13. Ng3 Nc6 14. h3 d5 15.
Qe2 Rfe8 16. Nh2 Rad8 17. Ng4 Nxg4 18. hxg4 d4 19. Kh2 dxc3 20. bxc3 b4 21. Bd2
bxc3 22. Bxc3 Nd4 23. Bxd4 exd4 24. e5 Bg5 25. Qe4 Bd5 26. Qf5 h6 27. e6 Rxe6
28. Rxe6 fxe6 29. Qg6 Rf8 30. Kg1 Rxf2 31. Kxf2 Be3+ 32. Ke2 Qxg3 33. Rf1 Qxg2+
34. Ke1 Qd2# 0-1

[Event "Deutsche Ländermeisterschaft 2015"]
[Site "Hannover GER"]
[Date "2015.10.03"]
[Round "1"]
[White "Biastoch, Bennet"]
[Black "Denkert, Anna"]
[Result "1-0"]
[Termination "normal"]
[Board "7.6"]
[WhiteElo "2006"]
[BlackElo "1686"]
[WhiteTeam "Sachsen-Anhalt"]
[BlackTeam "Berlin"]
[PlyCount "39"]
[WhiteFideId "12939889"]
[BlackFideId "12938122"]
[EventCountry "GER"]
[EventRounds "7"]
[EventType "team-swiss"]
[EventDate "2015.10.02"]

1. e4 c6 2. c4 d5 3. cxd5 cxd5 4. exd5 Nf6 5. Qa4+ Bd7 6. Qb3 Qc7 7. Nc3 g6 8.
Nf3 Bg7 9. g3 Bf5 10. d4 O-O 11. Bf4 Qc8 12. Rc1 Na6 13. Bg2 Nh5 14. Be3 b6 15.
O-O Qb7 16. Ne5 Bxe5 17. dxe5 Qc7 18. d6 exd6 19. Bxa8 Rxa8 20. Nb5 1-0

[Event "Deutsche Ländermeisterschaft 2015"]
[Site "Hannover GER"]
[Date "2015.10.03"]
[Round "1"]
[White "Breitzmann, Sander"]
[Black "Post, Hugo"]
[Result "1/2-1/2"]
[Termination "normal"]
[Board "7.7"]
[WhiteElo "1569"]
[BlackElo "1748"]
[WhiteTeam "Berlin"]
[BlackTeam "Sachsen-Anhalt"]
[PlyCount "163"]
[WhiteFideId "12987085"]
[BlackFideId "12962490"]
[EventCountry "GER"]
[EventRounds "7"]
[EventType "team-swiss"]
[EventDate "2015.10.02"]

1. e4 c5 2. Nc3 Nc6 3. g3 g6 4. Bg2 Bg7 5. d3 d6 6. Be3 e5 7. f4 Nge7 8. Nf3
exf4 9. Bxf4 O-O 10. O-O Nd4 11. e5 Nxf3+ 12. Bxf3 dxe5 13. Be3 Qc7 14. Ne4 c4
15. dxc4 Qxc4 16. Bc5 Re8 17. b3 Qb5 18. b4 Qa4 19. Nd6 Rd8 20. Qe2 Nf5 21.
Nxc8 Raxc8 22. Bxb7 Rc7 23. Be4 Nd4 24. Qf2 Qa6 25. Bd3 Qb7 26. Bxd4 exd4 27.
b5 Re7 28. Rae1 Rxe1 29. Rxe1 Bh6 30. Qg2 Qc7 31. Qe4 Be3+ 32. Kg2 Qc3 33. Rf1
Qb2 34. Qe7 Rf8 35. Qxa7 Qb4 36. b6 Qc5 37. Qb7 Qa5 38. Qc6 Rb8 39. b7 Qd8 40.
Bc4 d3 41. cxd3 Ba7 42. Rxf7 Kh8 43. Rd7 Qf8 44. Bf7 Qg7 45. Qc2 Rf8 46. Be8
Qf6 47. Qe2 Kg8 48. d4 Qc6+ 49. d5 Qb6 50. Qe6+ Qxe6 51. dxe6 Rxe8 52. Rc7 Rxe6
53. Rc8+ Kg7 54. Ra8 Re2+ 55. Kh3 Rxa2 56. Rxa7 Rxa7 57. b8=Q Rf7 58. Qe5+ Kg8
59. g4 h6 60. Kg3 Kh7 61. Qe6 Kg7 62. h4 Rf6 63. Qe5 Kf7 64. g5 hxg5 65. Qxg5
Rf5 66. Qh6 Rh5 67. Qf4+ Rf5 68. Qd6 Kg7 69. Qe7+ Kg8 70. Kg4 Kh8 71. Qe6 Kg7
72. Qe3 Kh7 73. Qe8 Kg7 74. Qe7+ Kg8 75. Qd7 Kh8 76. Qe8+ Kg7 77. Qe6 Kh7 78.
h5 Rxh5 79. Qf7+ Kh6 80. Qg8 Rg5+ 81. Kf4 Rf5+ 82. Kg4 1/2-1/2

[Event "Deutsche Ländermeisterschaft 2015"]
[Site "Hannover GER"]
[Date "2015.10.03"]
[Round "1"]
[White "Stowicek, Yara Mathilda"]
[Black "Schnabel, Luise"]
[Result "0-1"]
[Termination "normal"]
[Board "7.8"]
[WhiteElo "1485"]
[BlackElo "1435"]
[WhiteTeam "Sachsen-Anhalt"]
[BlackTeam "Berlin"]
[PlyCount "166"]
[WhiteFideId "16203569"]
[BlackFideId "12943347"]
[EventCountry "GER"]
[EventRounds "7"]
[EventType "team-swiss"]
[EventDate "2015.10.02"]

1. e4 c5 2. d4 cxd4 3. c3 dxc3 4. Nxc3 d6 5. Bc4 Nc6 6. Nf3 Nf6 7. O-O a6 8.
Qe2 Qc7 9. Rd1 Bg4 10. h3 Bxf3 11. Qxf3 Ne5 12. Bxf7+ Kxf7 13. Qf4 e6 14. Ne2
Qc2 15. Nc3 Nd3 16. Qe3 Nxc1 17. Rd2 Qxd2 18. Qxd2 Nxa2 19. Rxa2 Be7 20. f4
Rhd8 21. f5 e5 22. Qc2 b5 23. Qb3+ Kf8 24. g4 h6 25. Ra1 Rdc8 26. Re1 Rc4 27.
Re3 Bd8 28. Re2 Rac8 29. Qa2 R8c6 30. Kg2 Bc7 31. Kf3 Bb8 32. h4 Ba7 33. g5
hxg5 34. hxg5 Nh5 35. g6 Nf6 36. Rh2 Bd4 37. Qa5 Ke7 38. Rh8 Rc8 39. Rxc8 Rxc8
40. Nd5+ Nxd5 41. exd5 Bxb2 42. Qxa6 Rc3+ 43. Kg4 Rc4+ 44. Kh5 e4 45. Qxb5 Rc2
46. Qb3 Rh2+ 47. Kg4 Rg2+ 48. Kh3 Re2 49. Qc4 Re3+ 50. Kg2 Kf6 51. Qc7 Kxf5 52.
Qxd6 Be5 53. Qe6+ Kf4 54. Qf7+ Kg5 55. Qe6 Rg3+ 56. Kf2 e3+ 57. Ke2 Kf4 58. d6
Rg2+ 59. Kf1 e2+ 60. Kxg2 e1=Q 61. Qc4+ Qe4+ 62. Qxe4+ Kxe4 63. d7 Bc7 64. Kh3
Kf5 65. Kh4 Kxg6 66. Kg4 Kf6 67. Kh4 Ke7 68. Kg5 Kxd7 69. Kg6 Be5 70. Kg5 Ke6
71. Kg6 Bf6 72. Kh5 Kf7 73. Kg4 Kg6 74. Kg3 Kg5 75. Kh3 Kf4 76. Kg2 Kg4 77. Kh2
g5 78. Kg2 Bg7 79. Kh2 Kf3 80. Kg1 Kg3 81. Kh1 g4 82. Kg1 Bf8 83. Kh1 Kf2 0-1

[Event "Deutsche Ländermeisterschaft 2015"]
[Site "Hannover GER"]
[Date "2015.10.03"]
[Round "1"]
[White "Holtel, Jasper"]
[Black "Fidorra, Thomas"]
[Result "1-0"]
[Termination "normal"]
[Board "8.1"]
[WhiteTitle "FM"]
[WhiteElo "2316"]
[BlackElo "1972"]
[WhiteTeam "Nordrhein-Westfalen"]
[BlackTeam "Mecklenburg-Vorpommern"]
[PlyCount "73"]
[WhiteFideId "12956376"]
[BlackFideId "12913332"]
[EventCountry "GER"]
[EventRounds "7"]
[EventType "team-swiss"]
[EventDate "2015.10.02"]

1. e4 c5 2. c3 Nf6 3. e5 Nd5 4. d4 cxd4 5. Nf3 e6 6. cxd4 d6 7. a3 Nc6 8. Bd3
Qc7 9. O-O dxe5 10. dxe5 Be7 11. Re1 Bd7 12. Nbd2 Rc8 13. h4 h6 14. Nf1 a6 15.
Qe2 Na5 16. Qd1 b5 17. Ne3 Nxe3 18. Bxe3 Nc4 19. Bd4 O-O 20. Rc1 Qb7 21. Bb1
Bc6 22. Qd3 g6 23. h5 Bxf3 24. hxg6 f5 25. exf6 Bxf6 26. gxf3 Bxd4 27. Qxd4
Qxf3 28. Rc3 Qf6 29. Qa7 Qg7 30. Qxa6 Rc5 31. Qxe6+ Kh8 32. Rg3 Re5 33. Rxe5
Nxe5 34. Be4 Nc4 35. Rf3 Rxf3 36. Bxf3 Qxb2 37. Qe8+ 1-0

[Event "Deutsche Ländermeisterschaft 2015"]
[Site "Hannover GER"]
[Date "2015.10.03"]
[Round "1"]
[White "Schmekel, Florian"]
[Black "Schröder, Kevin"]
[Result "0-1"]
[Termination "normal"]
[Board "8.2"]
[WhiteElo "1919"]
[BlackElo "2298"]
[WhiteTeam "Mecklenburg-Vorpommern"]
[BlackTeam "Nordrhein-Westfalen"]
[PlyCount "64"]
[WhiteFideId "12913456"]
[BlackFideId "12929840"]
[EventCountry "GER"]
[EventRounds "7"]
[EventType "team-swiss"]
[EventDate "2015.10.02"]

1. d4 Nf6 2. c4 e6 3. Nf3 Bb4+ 4. Bd2 c5 5. g3 b6 6. Bg2 Bb7 7. O-O O-O 8. Bf4
cxd4 9. a3 Bc5 10. b4 Be7 11. Nxd4 Bxg2 12. Kxg2 a5 13. bxa5 Rxa5 14. Nb3 Ra4
15. N3d2 Ra8 16. Qb3 Nc6 17. Be3 Ra6 18. Kg1 Ng4 19. Qb5 Qa8 20. Bxb6 Ra5 21.
Qb3 Rb8 22. h3 Nf6 23. c5 Bxc5 24. Bxa5 Rxb3 25. Nxb3 Ba7 26. Bc3 Qb8 27. N3d2
Qxg3+ 28. Kh1 Qxh3+ 29. Kg1 Ng4 30. Nf3 Qg3+ 31. Kh1 Bxf2 32. Rxf2 Nxf2# 0-1

[Event "Deutsche Ländermeisterschaft 2015"]
[Site "Hannover GER"]
[Date "2015.10.03"]
[Round "1"]
[White "Mundorf, Johannes"]
[Black "Schumann, Rabea"]
[Result "1/2-1/2"]
[Termination "normal"]
[Board "8.3"]
[WhiteElo "2211"]
[BlackElo "1776"]
[WhiteTeam "Nordrhein-Westfalen"]
[BlackTeam "Mecklenburg-Vorpommern"]
[PlyCount "105"]
[WhiteFideId "24672491"]
[BlackFideId "12918199"]
[EventCountry "GER"]
[EventRounds "7"]
[EventType "team-swiss"]
[EventDate "2015.10.02"]

1. Nf3 d5 2. g3 Nf6 3. Bg2 Nbd7 4. d4 e6 5. O-O Bd6 6. c4 dxc4 7. Nbd2 Nb6 8.
Qc2 O-O 9. Nxc4 Nxc4 10. Qxc4 c6 11. Re1 Qc7 12. e4 e5 13. Bd2 Re8 14. Rac1
exd4 15. Qxd4 Be5 16. Nxe5 Qxe5 17. Qxe5 Rxe5 18. f4 Re7 19. Bb4 Rd7 20. Rcd1
Rxd1 21. Rxd1 Bg4 22. Rd2 Re8 23. Bc3 Be6 24. b3 h6 25. h3 Bc8 26. g4 Kh7 27.
Bxf6 gxf6 28. Kf2 c5 29. f5 Kg7 30. Rd6 b6 31. Ke3 Re7 32. Kf4 Rd7 33. Rxd7
Bxd7 34. e5 Bc8 35. h4 a6 36. Bd5 b5 37. Ke4 Bd7 38. e6 fxe6 39. fxe6 Be8 40.
e7 a5 41. Kf5 Bd7+ 42. Be6 Be8 43. Kf4 Kg6 44. h5+ Kg7 45. Kf5 Bc6 46. Kf4 Be8
47. Bd5 Bd7 48. Ke4 Be8 49. Be6 Bc6+ 50. Kf4 Be8 51. Kf5 Bc6 52. Kf4 Be8 53.
Kf5 1/2-1/2

[Event "Deutsche Ländermeisterschaft 2015"]
[Site "Hannover GER"]
[Date "2015.10.03"]
[Round "1"]
[White "Schamber, Dennis"]
[Black "Kuckling, Hannah"]
[Result "1/2-1/2"]
[Termination "normal"]
[Board "8.4"]
[WhiteElo "1657"]
[BlackElo "1988"]
[WhiteTeam "Mecklenburg-Vorpommern"]
[BlackTeam "Nordrhein-Westfalen"]
[PlyCount "141"]
[WhiteFideId "12952176"]
[BlackFideId "24603660"]
[EventCountry "GER"]
[EventRounds "7"]
[EventType "team-swiss"]
[EventDate "2015.10.02"]

1. d4 d5 2. c4 e6 3. Nc3 a6 4. Nf3 dxc4 5. a4 Nc6 6. e4 Na5 7. Be3 Nf6 8. Nd2
Bb4 9. f3 Bxc3 10. bxc3 b5 11. Qb1 Bd7 12. Qb4 Nc6 13. Qa3 Qe7 14. axb5 Qxa3
15. Rxa3 Na7 16. Rxa6 Bxb5 17. Ra1 c5 18. Bxc4 O-O 19. O-O Bxc4 20. Nxc4 cxd4
21. cxd4 Nc6 22. Nb6 Rxa1 23. Rxa1 Rd8 24. Ra8 Rxa8 25. Nxa8 Kf8 26. Kf2 Ke7
27. Nc7 Kd7 28. Nb5 Nb4 29. Bg5 Kc6 30. Bxf6 gxf6 31. Nc3 Kd6 32. Kg3 Nc2 33.
Ne2 Ne1 34. Nf4 e5 35. dxe5+ fxe5 36. Nh3 Ke7 37. Kf2 Nc2 38. Ke2 Nd4+ 39. Kd3
Ne6 40. Ke3 Kd6 41. g3 f6 42. Nf2 Nd4 43. Ng4 Ke6 44. f4 Nc2+ 45. Kd2 Nd4 46.
f5+ Kf7 47. Ke3 Nc2+ 48. Kf2 Nd4 49. Ne3 Nb3 50. Nd5 Nd2 51. Nc3 Nb3 52. g4 Nd2
53. h3 Nb3 54. Kg3 Nc5 55. Kh4 Nd3 56. Nd1 Nf4 57. Nf2 h6 58. Kg3 Kg7 59. Kf3
Kf7 60. h4 Ke7 61. Ke3 Ng2+ 62. Kf3 Nf4 63. Kg3 Ne2+ 64. Kh2 Nc3 65. Kg2 Ne2
66. Nd3 Nd4 67. g5 hxg5 68. hxg5 fxg5 69. Nxe5 Nxf5 70. Nc6+ Kf6 71. exf5
1/2-1/2

[Event "Deutsche Ländermeisterschaft 2015"]
[Site "Hannover GER"]
[Date "2015.10.03"]
[Round "1"]
[White "Browning, Alex"]
[Black "Wagner, Swenja"]
[Result "1-0"]
[Termination "normal"]
[Board "8.5"]
[WhiteElo "1936"]
[BlackElo "1719"]
[WhiteTeam "Nordrhein-Westfalen"]
[BlackTeam "Mecklenburg-Vorpommern"]
[PlyCount "135"]
[WhiteFideId "12984019"]
[BlackFideId "12900494"]
[EventCountry "GER"]
[EventRounds "7"]
[EventType "team-swiss"]
[EventDate "2015.10.02"]

1. e4 e5 2. Nf3 Nc6 3. Bb5 Nf6 4. O-O d6 5. d4 exd4 6. Nxd4 Bd7 7. Nc3 Be7 8.
Bg5 O-O 9. Bxc6 bxc6 10. Re1 Rb8 11. Rb1 h6 12. Bh4 Re8 13. h3 Nh7 14. Bg3 Bf6
15. Qd3 Rb4 16. Nf3 Qb8 17. e5 Be7 18. exd6 Bxd6 19. Ne5 Qd8 20. b3 Nf6 21.
Nxd7 Rxe1+ 22. Rxe1 Qxd7 23. Rd1 Bxg3 24. Qxg3 Rd4 25. Rxd4 Qxd4 26. Qd3 Qd6
27. Qe3 Qa3 28. Qd2 Qd6 29. Qd3 Kf8 30. Qe3 Qa3 31. Na4 Qxa2 32. Qc5+ Kg8 33.
Qxc6 Qa1+ 34. Kh2 Qe5+ 35. g3 Qe2 36. Qa8+ Kh7 37. Qxa7 Qxc2 38. Qe3 Nd5 39.
Qf3 Nf6 40. Kg2 c6 41. Nb6 Kg8 42. Nc4 Qe4 43. Qxe4 Nxe4 44. Na5 Nc5 45. b4 Nb7
46. Nxc6 Kf8 47. Kf3 Ke8 48. Ke4 Nd6+ 49. Kd5 Kd7 50. Ne5+ Kc7 51. Nc4 Nb7 52.
b5 g6 53. f4 h5 54. g4 hxg4 55. hxg4 Nd8 56. f5 Kd7 57. Nd6 gxf5 58. gxf5 Kc7
59. Nc4 f6 60. b6+ Kb7 61. Kd6 Nc6 62. Ke6 Nd4+ 63. Kxf6 Nxf5 64. Kxf5 Kc8 65.
Nd6+ Kb8 66. Ke6 Ka8 67. Kd7 Kb8 68. b7 1-0